000
00386nam a22000977a 4500
100
_a
प्रकाश,ओम
_9
79711
245
_a
पर्यावरण अध्ययन NCERT की पाठ्य पुस्तकों पर पूर्णतया आधारित
260
_a
Chnnai
_b
McGraw Hill
_c
2020
650
_a
पर्यावरण
_9
36465
942
_c
HIN
999
_c
63328
_d
63328